| 000 | 01530cam a2200229 4500 | ||
|---|---|---|---|
| 001 | ##L133549 | ||
| 008 | 060518n2006 000 0 eng u | ||
| 035 | _a(Sirsi) u133549 | ||
| 041 | 0 | _aeng | |
| 050 | 0 | 4 | _a333.33 $2 18 |
| 110 | 1 |
_aScotland _bRegisters of Scotland _94919 |
|
| 245 |
_aAverage residential property prices in Scotland _bJanuary to March 2006 |
||
| 260 |
_aEdinburgh _bRegisters of Scotland _c2006 |
||
| 490 | 0 |
_aRegisters of Scotland News Release _v16 May 2006 |
|
| 520 | _aThe average house price for a residential property in Scotland decreased by 1.2% in the first quarter 2006 and stands at £124 481 compared to £125 934 in the last quarter, representing an 8% increase over the first quarter 2005. The highest average property price, £160 110, is again in the Lothian region and the highest year-on-year increase of 12.5% is in the southwest Scotland area where the average house now sells for £109 407. The Glasgow area remains the largest market with sales of almost £1.3bn for the period, 26.7% over the same period in 2005. The total sales value across Scotland during the quarter was almost £4bn, 23.6% more than the same quarter last year. | ||
| 590 | _aIKA230506 | ||
| 650 | 2 | 4 | _aREGISTERS OF SCOTLAND: AVERAGE RESIDENTIAL PROPERTY PRICES IN SCOTLAND |
| 651 | 4 |
_aScotland _y1999- |
|
| 690 | _aPROPERTY-RESIDENTIAL PROPERTY-RESIDENTIAL PROPERTY MARKET | ||
| 856 | 4 | 0 |
_uhttps://www.ros.gov.uk/pressreleases.html _zView the quarterly report free of charge at www.ros.gov.uk... |
| 942 | _n0 | ||
| 999 |
_c105416 _d105416 |
||